| 000 | 00420nam a22001577a 4500 | ||
|---|---|---|---|
| 003 | NUST - PNEC | ||
| 005 | 20170116181126.0 | ||
| 008 | 151005b xxu||||| |||| 00| 0 eng d | ||
| 040 | _cLIBRARY | ||
| 082 | _a923.2 MUS | ||
| 100 |
_913160 _aMushtaq Ahmad |
||
| 245 |
_aJinnah & after : _ba profile of leadership _cMushtaq Ahmad |
||
| 260 | _c1994 | ||
| 650 |
_913723 _aPolitical leadership _xGeneral |
||
| 942 |
_2ddc _cBK |
||
| 999 |
_c69784 _d69784 |
||